00510nam a2200169Ia 450000500170000000800410001708200130005810000190007124500510009026000410014130000130018265000140019565000110020994200060022095200990022699900150032520250318075448.0240331s9999 xx 000 0 und d bSWAa894 aSwaminathan, V 0aEn paarvaiyil sila kadhaigalum sila novelgalum aChennaibRajarajan Pathippagamc2001 a300 p ., aKadhaikal aNovels cL 001040708LaWERCLbWERCLcSSCd2024-03-31l0o 894.811 SWAp5443r2024-03-31w2024-03-31yL c4185d4185